00226 a2200121 4500001000700000020002200007040001100029100001800040240001700058245001200075300000800087362000900095188643 a978-85-7616-222-3 cMagnum aTezuka, Osamu10aAdolf 5lpor10aAdolf 5 a2460 a2007